000 00389nam a2200169Ia 4500
008 221030s9999 xx 000 0 und d
020 _a8176566381
041 _aEnglish
082 _a105.23
_bJai
100 _aM. Jain
245 0 _aIntroduciton to Database Management
260 _bBPB Pub
_aNew Delhi
_c2002
300 _a342
650 _aCOMPUTERS
700 _aV. Pillai
942 _cBK
999 _c93
_d93